| 000 | 00842nam a2200229 a 4500 | ||
|---|---|---|---|
| 001 | 13841 | ||
| 003 | BD-JhCC | ||
| 005 | 20240422095359.0 | ||
| 008 | 240422b1984 b |||| | a| 000 0 b d | ||
| 035 | _a(BD-JhCC)13841 | ||
| 040 |
_aBD-JhCC _dBD-JhCC |
||
| 041 | _aBengali | ||
| 082 |
_a297 _bKHA 1984 |
||
| 100 | _aআকবর খান, জেনারেল | ||
| 245 |
_aইসলামের প্রতিরক্ষা কৌশল / _cজেনারেল আকবর খান,অনু:আবু সাঈদ মুহাম্মদ ওমর আলী। |
||
| 260 |
_aঢাকা: _bইসলামিক ফাউন্ডেশন; _c1984. |
||
| 300 |
_a418 p. : _c22 cm. |
||
| 650 | _aIslamic | ||
| 700 | _a আলী,আবু সাঈদ মুহাম্মদ ওমর | ||
| 942 |
_2ddc _cBK |
||
| 999 |
_c13841 _d13841 |
||